000 00249nam a2200097Ia 4500
001 1222649
005 20250827092852.0
008 250824s9999 xx 000 0 und d
245 0 _aUÇURTMAM BULUT ŞİMDİ İ4
_cSEVİM AK
260 _bCAN YAYINLARI
999 _c1222649
_d1222649